| 000 | 00495nam a2200181Ia 4500 | ||
|---|---|---|---|
| 001 | 19481 | ||
| 005 | 20260306172656.0 | ||
| 008 | 260306t2023||||xx |||||||||||||| ||spa|| | ||
| 041 | _aESP | ||
| 082 |
_a340 _bP53 V. 1 |
||
| 100 |
_aPicó i Junoy, Joan, _eAUT |
||
| 245 | 0 |
_aEstudios sobre el proceso y la justicia : _bprincipios del proceso y formación de los abogados |
|
| 260 | _c2023 | ||
| 300 |
_a676 páginas : _c24 cm. |
||
| 650 | _aGEN | ||
| 654 | _aCDE | ||
| 942 |
_cLIB _dJUS _fJUS _2ddc _n |
||
| 999 |
_c19481 _d19481 |
||